La vie rêvée (notice n° 1673975)

détails MARC
000 -LEADER
fixed length control field 02164cam a2200169 4500500
005 - DATE AND TIME OF LATEST TRANSACTION
control field 20260301001654.0
041 ## - LANGUAGE CODE
Language code of text/sound track or separate title fre
042 ## - AUTHENTICATION CODE
Authentication code dc
100 10 - MAIN ENTRY--PERSONAL NAME
Personal name Bourgeois, Didier
Relator term author
245 00 - TITLE STATEMENT
Title La vie rêvée
260 ## - PUBLICATION, DISTRIBUTION, ETC.
Date of publication, distribution, etc. 2006.<br/>
500 ## - GENERAL NOTE
General note 46
520 ## - SUMMARY, ETC.
Summary, etc. Les pratiques efficaces d’enseignement de la lecture reposent sur un enseignement explicite et structuré des stratégies de compréhension et de méta-compréhension. Cet article explore les pratiques d’enseignement utilisées auprès d’élèves présentant un trouble du développement intellectuel alors mêmes que celles-ci sont peu documentées. Il s’appuie sur 523 réponses à un questionnaire diffusé à des enseignants coordonnant un dispositif ULIS. Les résultats montrent que (1) les choix réalisés par les enseignants sont en lien avec leur niveau de formation et de leur sentiment de maîtrise des connaissances didactiques ; (2) les enseignants ont davantage recours à du matériel visant la construction d’images mentales qu’à des supports illustrant les stratégies mobilisées ; (3) bien que les stratégies de compréhension soient fréquemment enseignées, le développement de la méta-compréhension est souvent négligé.
520 ## - SUMMARY, ETC.
Summary, etc. Effective reading instruction practices rely on explicit and structured teaching of comprehension and meta-comprehension strategies. This article explores the poorly documented teaching practices used with students with intellectual disability. It is based on 523 responses to a questionnaire distributed to teachers coordinating a special needs scheme (ULIS). The results notably show that (1) teachers’ choices are linked to their certification level and to their perceived mastery of didactic knowledge ; (2) teachers use materials aimed at building mental images more than tools illustrating the strategies employed ; and (3) although comprehension strategies are frequently taught, the development of meta-comprehension is often neglected.
786 0# - DATA SOURCE ENTRY
Note Psy Cause | 43 | 1 | 2006-01-01 | p. 53-54 | 1245-2394
856 41 - ELECTRONIC LOCATION AND ACCESS
Uniform Resource Identifier <a href="https://shs.cairn.info/revue-psy-cause-2006-1-page-53?lang=fr&redirect-ssocas=7080">https://shs.cairn.info/revue-psy-cause-2006-1-page-53?lang=fr&redirect-ssocas=7080</a>

Pas d'exemplaire disponible.

PLUDOC

PLUDOC est la plateforme unique et centralisée de gestion des bibliothèques physiques et numériques de Guinée administré par le CEDUST. Elle est la plus grande base de données de ressources documentaires pour les Étudiants, Enseignants chercheurs et Chercheurs de Guinée.

Adresse

627 919 101/664 919 101

25 boulevard du commerce
Kaloum, Conakry, Guinée

Réseaux sociaux

Powered by Netsen Group @ 2025